| 000 | 02157nam a2200481 c 4500 | ||
|---|---|---|---|
| 999 |
_c51237 _d51237 |
||
| 003 | BLK | ||
| 005 | 20240405005332.0 | ||
| 008 | 180408b bul|||||r ||||||| ||bul|| | ||
| 010 | _aKNG00055139000 | ||
| 040 | _aBLK | ||
| 041 |
_aBUL _cBUL |
||
| 080 |
_aКраезнание _b908 _x(497.215)(036) _z908(497.215)(036) |
||
| 080 |
_aГеография на България _b913(497.2) _x(036) _z913(497.2)(036) |
||
| 080 |
_aЗабавно пътуване. Туризъм - пътуване пеша, с кола, колело, автобус, влак, параход, самолет, изкачване на планина, ездене и др. п. _b379.85 _x(497.215)(036) _z379.85(497.215)(036) |
||
| 100 |
_aДойков, Васил Георгиев _gГеограф, краевед, писател _d1930-2018 _9364377 |
||
| 139 |
_aДойков, Васил Георгиев и др. _bД 71 |
||
| 245 | 1 | 0 |
_aРусе и неговите околности _bПътеводител _cВасил Георгиев Дойков; съавт. Иван Николов Иванов. |
| 250 | _a2. прераб. и доп. изд. | ||
| 257 | _aBGR | ||
| 260 |
_bМедицина и физкултура _c1990 _fРусе : печ. Дунав |
||
| 300 |
_a176 с. _bс ил., к. _c16 см |
||
| 380 | _a91 | ||
| 500 | _aАвт. не са отбелязани на кор. - 1. изд. 1983. - Офс. изд. - 14 106 тир. | ||
| 650 | 4 |
_aРусе - пътеводители _9273247 |
|
| 650 | 4 |
_aГрадове, български - пътеводители _9283701 |
|
| 651 | 4 |
_aРусе _9179462 |
|
| 651 | 4 |
_aБългария _9241624 |
|
| 653 | _aРусе | ||
| 653 | _aпътеводители | ||
| 653 | _aградове | ||
| 653 | _aтуризъм | ||
| 700 | 1 |
_aИванов, Иван Николов _eсъавт. _9365827 |
|
| 852 | _aЦб І 25053 | ||
| 852 | _aК 908/Д 71 В | ||
| 856 | 4 | _qpdf | |
| 856 | 4 | _qpdf | |
| 942 |
_cKNG _n0 _01 _s1 |
||
| 944 |
_aCR _c26.08.2005 _lCRON CRON _k |
||
| 944 |
_aED _c31.07.2015 _lф / _kВаля_Йорданова |
||
| 999 | _d51237 | ||
| 999 | _d51237 | ||
| 999 | _d51237 | ||